Science Quiz

Random Science or Clickable Quiz
Score 0/14 Timer 20:00
0 Plays Today
% Correct
Biological Extinction
100%
Captive Breeding
100%
Colony Collapse Disorder
50%
Mass Extinction
0%
Endangered Species
0%
Threatened Species
0%
Extinction Rate
0%
% Correct
Secondary Extinction
0%
Economic Services
0%
Ectourism
0%
Poached
0%
Habitat Fragmentation
0%
Seed Banks
0%
Precautionary Principle
0%
Remove Ads.
Support Sporcle.
Get the best of Sporcle when you Go Orange. This ad-free experience offers more features, more stats, and more fun while also helping to support Sporcle. Thank you for becoming a member.

You're not logged in!

Compare scores with friends on all Sporcle quizzes.
OR
Log In

Show Comments

Extras

Created Aug 24, 2016ReportNominate
Tags:Clickable Quiz, 2016, ape, Cox, Drew

Top Quizzes Today


Score Distribution

Your Account Isn't Verified!

In order to create a playlist on Sporcle, you need to verify the email address you used during registration. Go to your Sporcle Settings to finish the process.

Report this User

Report this user for behavior that violates our Community Guidelines.

Details: